| 000 | 00344 a2200157 4500 | ||
|---|---|---|---|
| 001 | 62443 | ||
| 020 | _a9788538005414 | ||
| 040 | _cAnchieta - Pituba | ||
| 100 | _aStonehouse, Ann F | ||
| 240 | 1 | 0 |
_aDescobrindo o mundo _lpor |
| 245 | 1 | 0 | _aDescobrindo o mundo |
| 300 | _a160 | ||
| 362 | 0 | _a2009 | |
| 650 | 4 | _aGeografia e viagens | |
| 942 | _cBK | ||
| 999 |
_c62443 _d62443 |
||